[Event "Sheikh Russel GM 2021"]
[Site "Dhaka"]
[Date "2021.10.19"]
[Round "1.10"]
[White "Piyumantha, M Sasith Nipun"]
[Black "Shyam, Sundar M."]
[Result "0-1"]
[WhiteElo "2231"]
[BlackElo "2518"]
[Annotator "TA"]
[PlyCount "56"]
[EventDate "2021.10.19"]
[EventType "swiss"]
[EventCountry "BAN"]
[SourceTitle "playchess.com"]
[Source "ChessBase"]
[SourceQuality "1"]

{[%evp 11,56,37,44,34,47,51,60,38,37,41,35,37,73,70,66,64,156,171,207,222,245,239,202,237,261,246,284,285,266,23,58,0,0,-1680,-1716,-1662,-1596,-29991,-29992,-29992,-29993,-29996,-29997,-29997,-29998,-29998,0]} 1. d4 Nf6 2. c4 g6 3. Nc3 Bg7 4. e4 d6 5. Nge2 O-O 6. Ng3 h5 7. Be2 {E70: King's Indian: Miscellaneous lines with 4 e4, including 5 Nge2 and 5 Bd3 0-0 6 Nge2.} c5 8. d5 $1 Na6 9. Bg5 {[#] White is slightly better.} Nh7 $146 ({Predecessor:} 9... Bg4 10. f3 Bd7 11. Qd2 Kh7 12. Nf1 Rh8 13. Ne3 Nc7 14. a4 a5 15. O-O-O Rb8 {0-1 (34) Paglia,A (1688)-Domenighini,A (1741) Ghedi 2013}) 10. Be3 h4 11. Nf1 f5 12. exf5 Bxf5 13. g4 hxg3 ({Black should try} 13... Bd7 $14) 14. Nxg3 $16 Qd7 15. Nxf5 Qxf5 16. Qd2 Nb4 {[#]} 17. O-O-O b5 18. a3 (18. cxb5 $6 Bd4 $18) 18... a5 19. cxb5 ({Worse is} 19. axb4 axb4 20. Nb1 Ra2 $11) 19... c4 20. h4 $2 ({Stronger than} 20. axb4 axb4 21. Qc2 bxc3 $11) (20. Bxc4 Rfc8 $16) (20. Rhg1 $18) 20... Nf6 $1 $11 {[%cal Rf6e4] Threatens to win with ...Ne4.} 21. Rhg1 ({Not} 21. Bxc4 $2 Rfc8 $17) ({White should play} 21. f3 $1 $14 Nfxd5 22. axb4 Nxe3 23. Qxe3 axb4 24. Bxc4+ Kh7 {[#]} 25. Bd3 $1) 21... Ne4 $1 22. Nxe4 {[%mdl 8192]} (22. Bg4 $11 Nxd2 23. Bxf5 Nb3+ 24. Kb1 Rxf5 25. axb4) 22... Qxe4 $19 {[%cal Rb4a2]} 23. axb4 axb4 {( -> ...Ra1#)} 24. Qxb4 {[#]} Rxf2 $3 {[%mdl 512] Black mates.} 25. Bxf2 Qxe2 {[%cal Ra8a1]} 26. Kb1 Qe4+ 27. Kc1 Ra1+ 28. Kd2 Ra8 $2 {[%mdl 32768] Weighted Error Value: White=0.74/Black=0.11. Loss on time!?} (28... Qd3+ {mates} 29. Ke1 Rxd1#) 0-1

[Event "Sheikh Russel GM 2021"]
[Site "Dhaka"]
[Date "2021.10.19"]
[Round "1.11"]
[White "Sadikhov, Ulvi"]
[Black "Arpita, Mukherjee"]
[Result "0-1"]
[WhiteElo "2517"]
[BlackElo "2229"]
[Annotator "TA"]
[PlyCount "70"]
[EventDate "2021.10.19"]
[EventType "swiss"]
[EventCountry "BAN"]
[SourceTitle "playchess.com"]
[Source "ChessBase"]
[SourceQuality "1"]

{[%evp 9,70,-10,16,8,9,9,14,12,21,14,20,23,23,18,34,35,40,35,40,37,35,10,7,0,0,-30,-20,-20,-11,-75,-64,-156,-174,-173,-156,-325,-327,-314,-312,-653,-352,-327,-311,-360,-340,-398,-399,-945,-640,-633,-611,-570,-556,-766,-733,-1308,-1298,-1264,-1270,-1823,-1633,-1607,-1503]} 1. c4 e5 2. d3 Nc6 3. a3 g6 4. b4 Bg7 5. Bb2 f5 6. Nf3 {A20: English Opening: 1...e5.} d6 7. e3 Nf6 8. Be2 {The position is equal.} O-O 9. Nc3 h6 10. d4 e4 11. Nd2 {[#]} a5 $146 ({Predecessor:} 11... Ne7 12. d5 g5 13. Nb3 f4 14. Nd4 Nf5 15. Nxf5 Bxf5 16. Nb5 f3 17. gxf3 Bh3 {1-0 (52) Andersen,J (2365)-Rasmussen,A (2436) Svendborg 2019}) 12. Qb3 Kh7 13. O-O Re8 14. b5 Ne7 {[%cal Bc6e7,Be7f5,Bf5e3][%mdl 32]} 15. f3 {[%cal Rf3e4]} d5 16. fxe4 fxe4 17. Rxf6 {Strongly threatening Rf2.} Bxf6 18. cxd5 a4 19. Qa2 (19. Nxa4 $11 Nxd5 20. Nc5) 19... Nf5 {White must now prevent ...Bg5.} 20. Ncxe4 (20. Nc4 $15) 20... Bg7 $17 ({But not} 20... Nxe3 21. d6 $17) 21. Bf3 Nxe3 22. d6 $2 {Now White is beyond hope.} (22. Re1 $17 {keeps fighting.} Nxd5 23. Nc4) 22... cxd6 $19 23. d5 Be5 24. Re1 $2 (24. Bxe5 Rxe5 25. Nc4 Nxc4 26. Qxc4) 24... Qb6 25. Kh1 Bf5 26. Bxe5 Rxe5 ({Weaker is} 26... dxe5 27. Nc4 $17) 27. Qb2 Rc8 {Hoping for ...Rc2.} 28. Rc1 {[#]} (28. Rg1) 28... Qxb5 $3 {[%mdl 512] Black is clearly winning.} 29. Qa1 {Threatens to win with Rxc8.} (29. Qb1 Rxc1+) 29... Rxc1+ 30. Qxc1 Nxd5 31. Nxd6 Qc6 32. N2c4 {[#]} b5 $1 {[%mdl 512]} 33. Qa1 Re7 34. Nxf5 gxf5 35. Nd2 {[#]} Qc3 $1 {Weighted Error Value: White=0.69/Black=0.23} 0-1

[Event "Sheikh Russel GM 2021"]
[Site "Dhaka"]
[Date "2021.10.19"]
[Round "1.12"]
[White "Ahmed, Sheikh Nasir"]
[Black "Visakh N R"]
[Result "0-1"]
[WhiteElo "2228"]
[BlackElo "2515"]
[Annotator "TA"]
[PlyCount "52"]
[EventDate "2021.10.19"]
[EventType "swiss"]
[EventCountry "BAN"]
[SourceTitle "playchess.com"]
[Source "ChessBase"]
[SourceQuality "1"]

{[%evp 9,52,6,0,0,12,-9,8,10,4,3,22,7,9,-48,-34,-37,-33,-50,-22,-51,-50,-66,-70,-65,-31,-35,-38,-43,-33,-58,-64,-58,-58,-62,-58,-153,-156,-177,-175,-439,-426,-530,-507,-29973,-29973]} 1. c4 e5 2. g3 c6 3. Bg2 d5 4. cxd5 cxd5 5. d4 e4 6. Nc3 {A20: English Opening: 1...e5.} Nf6 7. f3 {[%cal Rf3e4]} exf3 8. Nxf3 {The position is equal.} Be7 9. O-O O-O 10. Ne5 Nc6 11. Nxc6 (11. Bf4 $11) 11... bxc6 $15 12. e4 dxe4 13. Nxe4 Nd5 14. Nc3 Be6 {[#]} 15. Qa4 $146 ({Predecessor:} 15. Nxd5 cxd5 16. Be3 a5 17. Rc1 a4 18. Qd2 Qb6 19. Rc2 Rfb8 20. Bf4 Rb7 21. Rfc1 h6 22. Qf2 {1-0 (37) Jamshidi,A (2125)-Asgarizadeh,A (2421) Rasht 2017}) 15... Qb6 16. Nxd5 Bxd5 17. b3 Rfd8 18. Be3 Qb7 19. Rf2 Bf6 20. Bxd5 Rxd5 21. Rc1 Re8 22. Rc3 (22. Rf3 $15) 22... Qd7 $17 {[%cal Rd5d4]} 23. Rd2 Re4 {[%cal Re4d4]} 24. Bf2 (24. Qc4) 24... Rexd4 $19 25. Rxd4 Rxd4 26. Rxc6 {[#]} (26. Qxc6 $19 Rd1+ {[%mdl 64] Discovered Attack} 27. Kg2 Bxc3 28. Qxc3) 26... Rxa4 {Weighted Error Value: White=0.71/Black=0.03} 0-1

[Event "Sheikh Russel GM 2021"]
[Site "Dhaka"]
[Date "2021.10.19"]
[Round "1.13"]
[White "Mousavi, Seyed Khalil"]
[Black "Chatterjee, Debaraj"]
[Result "1-0"]
[WhiteElo "2510"]
[BlackElo "2226"]
[Annotator "TA"]
[PlyCount "55"]
[EventDate "2021.10.19"]
[EventType "swiss"]
[EventCountry "BAN"]
[SourceTitle "playchess.com"]
[Source "ChessBase"]
[SourceQuality "1"]

{[%evp 19,55,0,19,-14,-5,-14,31,0,91,66,52,63,79,74,83,33,104,99,97,97,123,110,131,104,189,212,342,355,347,345,675,669,1034,1028,970,785,29993,727]} 1. e4 c5 2. Nf3 d6 3. d4 cxd4 4. Nxd4 Nf6 5. Nc3 a6 6. Bc4 e6 7. Be3 b5 8. Bb3 Be7 9. f3 {9.Qf3 is setting a new trend.} O-O 10. Qd2 Bb7 11. O-O-O {B87: Sicilian Scheveningen/Najdorf: 6 Bc4, with early ...b5.} Nc6 12. h4 Qc7 {[#]} 13. h5 $146 {White is slightly better.} ({Predecessor:} 13. g4 Na5 14. h5 Nxb3+ 15. Nxb3 b4 16. Ne2 a5 17. Ned4 a4 18. Nb5 Qc4 19. N3d4 {0-1 (28) Aimar,L (1082)-Lagab,L Algiers 2017}) 13... Ne5 (13... b4 $11 14. Na4 d5) 14. h6 {hxg7 is the strong threat.} g6 15. Bg5 Ne8 16. Bxe7 Qxe7 17. f4 Nc4 (17... Nd7 $14) 18. Bxc4 $16 bxc4 19. Nf3 $36 {[%mdl 2048] Keeping Black busy.} Nf6 20. Rhe1 ({Don't play} 20. Qxd6 $6 Qxd6 21. Rxd6 Nxe4 $14) 20... Rfd8 21. Qd4 Rac8 {[#]} (21... d5 $16 {might work better.} 22. exd5 Bxd5 23. Nxd5 Rxd5) 22. Nd5 $1 $18 {[%mdl 512]} exd5 (22... Bxd5 $142 23. exd5 a5) 23. exd5 Qf8 24. Qxf6 {aiming for Re7.} Rc5 $2 (24... Re8 25. Ng5 Rxe1 26. Rxe1 Bxd5) 25. Re7 {Threatening mate with Ng5.} Bxd5 26. Ng5 {White threatens Rxd5! and mate.} Qxh6 {[#]} 27. Rxd5 $1 {[%mdl 576] Remove Defender, Decoy} Rxd5 (27... Qg7 28. Qxg7+) 28. Qxf7+ {[%mdl 64] Double Attack.  Weighted Error Value: White=0.15/Black=1.01} 1-0

[Event "Sheikh Russel GM 2021"]
[Site "Dhaka"]
[Date "2021.10.19"]
[Round "1.14"]
[White "Rahman, Taibur"]
[Black "Debashis, Das"]
[Result "1/2-1/2"]
[WhiteElo "2223"]
[BlackElo "2501"]
[Annotator "TA"]
[PlyCount "50"]
[EventDate "2021.10.19"]
[EventType "swiss"]
[EventCountry "BAN"]
[SourceTitle "playchess.com"]
[Source "ChessBase"]
[SourceQuality "1"]

{[%evp 19,50,6,0,11,18,10,8,0,0,0,0,0,0,5,17,8,26,4,7,0,0,0,2,0,0,0,0,-5,24,31,58,29,60]} 1. d4 Nf6 2. c4 e6 3. Nf3 b6 4. g3 Ba6 5. b3 Bb4+ 6. Bd2 Be7 7. Nc3 d5 8. cxd5 exd5 9. Bg2 O-O 10. O-O Re8 11. Ne5 {E15: Queen's Indian: 4 g3 sidelines, 4 g3 Ba6 and 4 g3 Bb7 early deviations.} Bb7 12. Rc1 Nbd7 {[%cal Bb8d7,Bd7f8,Bf8e6][%mdl 32]} 13. Bg5 {The position is equal.} h6 14. Bf4 {next Nb5 is good for White.} Nf8 15. Nd3 Ne6 16. Be5 {[#]} c6 $146 ({Predecessor:} 16... c5 17. dxc5 bxc5 18. Bxf6 Bxf6 19. Na4 Rc8 20. Naxc5 Nxc5 21. Rxc5 Rc6 22. Rxd5 Qe7 23. Rb5 {1-0 (23) Vidit,S (2726)-Wojtaszek,R (2719) Chess.com INT 2020}) 17. b4 a6 18. a3 Nd7 19. e4 dxe4 20. Bxe4 Bf8 21. Qg4 Nf6 22. Bxf6 Qxf6 23. d5 Ng5 24. Bg2 {aiming for h4.} cxd5 25. Nxd5 Bxd5 {Weighted Error Value: White=0.04/Black=0.05} 1/2-1/2

[Event "Sheikh Russel GM 2021"]
[Site "Dhaka"]
[Date "2021.10.19"]
[Round "1.15"]
[White "Sumets, Andrey"]
[Black "Zia, Tahsin Tajwar"]
[Result "1/2-1/2"]
[WhiteElo "2497"]
[BlackElo "2212"]
[Annotator "TA"]
[PlyCount "74"]
[EventDate "2021.10.19"]
[EventType "swiss"]
[EventCountry "BAN"]
[SourceTitle "playchess.com"]
[Source "ChessBase"]
[SourceQuality "1"]

{[%evp 9,74,33,27,-4,16,12,12,10,6,0,4,8,24,17,21,27,32,15,20,19,46,15,20,15,15,19,24,16,20,11,26,26,45,13,13,12,30,28,37,22,29,0,40,11,32,12,28,-8,0,0,0,0,77,64,87,46,47,27,145,134,143,35,37,35,55,47,60]} 1. d4 d5 2. c4 e6 3. Nf3 a6 4. Bg5 Be7 5. Bxe7 Qxe7 6. Qc2 {D30: Queen's Gambit Declined: Systems without Nc3.} Nf6 7. Nbd2 O-O 8. Rc1 {[#] The position is equal.} Bd7 $146 ({Predecessor:} 8... Nc6 9. cxd5 exd5 10. e3 Bg4 11. a3 Rfe8 12. h3 Bxf3 13. Nxf3 Na7 14. Bd3 c6 {½-½ (35) Ipatov,A (2657)-Rakhmanov,A (2653) Izmir 2016}) 9. cxd5 exd5 10. e3 ({Don't play} 10. Qxc7 Nc6 $17) 10... c6 11. Bd3 Re8 12. O-O Be6 13. h3 Nbd7 14. b4 Nf8 15. Qc5 Ne4 16. Qxe7 Rxe7 17. Nb3 Nd6 18. a4 f6 19. Nfd2 Nd7 20. Nc5 Nb6 21. Rc3 Bf5 22. Be2 Bg6 23. Ra1 Rd8 24. Ra2 Ra8 25. g4 Rae8 26. Rb2 (26. Nxa6 $5 bxa6 27. Rxc6 $11) 26... Ra8 27. Bf1 Be8 28. f3 h5 29. Kf2 hxg4 30. hxg4 Bd7 (30... Bg6 $11 {keeps the balance.}) 31. a5 $16 Nbc8 {[%cal Bb6c8,Bc8a7,Ba7b5][%mdl 32]} 32. Bd3 Na7 33. Nf1 f5 (33... Nab5 $11 34. Rc1 Kf7) 34. Nxd7 Rxd7 35. Bxf5 (35. gxf5 $16 Rf8 36. Ng3) 35... Nxf5 $14 {White is slightly better.} 36. gxf5 Rf8 37. Ng3 Nb5 {Weighted Error Value: White=0.16/Black=0.20} 1/2-1/2

[Event "Sheikh Russel GM 2021"]
[Site "Dhaka"]
[Date "2021.10.19"]
[Round "1.16"]
[White "Saiful Islam, Chowdhury"]
[Black "Pranav Vijay"]
[Result "0-1"]
[WhiteElo "2198"]
[BlackElo "2265"]
[Annotator "TA"]
[PlyCount "80"]
[EventDate "2021.10.19"]
[EventType "swiss"]
[EventCountry "BAN"]
[SourceTitle "playchess.com"]
[Source "ChessBase"]
[SourceQuality "1"]

{[%evp 12,80,13,0,0,-11,0,0,14,-20,17,0,0,0,0,0,0,0,0,0,0,0,14,-43,-29,-37,-33,-36,-28,-36,-42,-128,-129,-209,-182,-168,-160,-168,-107,-159,-158,-171,-185,-221,-220,-205,-213,-226,-227,-466,-448,-815,-801,-882,-820,-1178,-1179,-1221,-1187,-1227,-1150,-1681,-1662,-2006,-1972,-1987,-1834,-1827,-1570,-1469,-1407]} 1. e4 e5 2. Nf3 Nc6 3. Nc3 Nf6 4. Bb5 Nd4 5. Bc4 Bc5 6. d3 d6 7. Nxd4 Bxd4 {C48: Four Knights: 4 Bb5, replies other than 4...Bb4.} 8. Qf3 h6 9. h3 {[#]} (9. O-O {is more complex.} O-O 10. a4 a5 11. h3 Bd7 12. Ne2) 9... Be6 $146 {The position is equal.} ({Predecessor:} 9... Qe7 10. Ne2 Bb6 11. Ng3 c6 12. O-O g6 13. c3 Be6 14. Bb3 Nd7 15. Be3 h5 {1-0 (36) Artemiev,V (2706)-Oparin,G (2624) Sochi 2018}) 10. Bd2 c6 11. a4 {[%cal Ba2a4,Ba4a5][%mdl 32]} d5 12. exd5 cxd5 13. Bb5+ Kf8 {And now ...a6 would win.} 14. a5 $1 a6 15. Ba4 Rc8 16. Bb3 g5 17. Qe2 (17. Be3 $11) 17... Kg7 $15 18. h4 g4 $1 19. Nd1 Qd6 20. c3 Ba7 21. Ra4 {[#]} (21. O-O $15) 21... Bd7 $1 $17 22. Ra3 (22. Rb4 $17 {keeps fighting.}) 22... d4 23. O-O Bc5 $36 {[%mdl 2048] Black is on the roll.} 24. Ra1 Rce8 (24... Rhe8 $19 25. Ba4 Ba7) 25. Ba4 ({White should try} 25. Re1) 25... Nh5 26. b4 Ba7 27. Qe4 Re7 28. Bxd7 Qxd7 29. c4 f5 30. Qe1 (30. Qd5) 30... e4 $19 {Black is clearly winning.} 31. c5 (31. Bc1 $142 e3 32. Nxe3) 31... exd3 {[%mdl 64] [#] Discovered Attack} 32. Ne3 dxe3 33. Bc3+ Kg6 34. fxe3 Rhe8 35. Bd4 Bb8 36. Qd2 Qc7 {( -> ...Qh2+)} 37. Qxd3 Qh2+ {[%mdl 64] Double Attack} 38. Kf2 Bg3+ 39. Ke2 Nf4+ 40. Rxf4 Bxf4 {Weighted Error Value: White=0.70/Black=0.09} 0-1

[Event "Sheikh Russel GM 2021"]
[Site "Dhaka"]
[Date "2021.10.19"]
[Round "1.17"]
[White "Mosadeghpour, Masoud"]
[Black "Islam, Khandaker Aminul"]
[Result "1-0"]
[WhiteElo "2486"]
[BlackElo "2182"]
[Annotator "TA"]
[PlyCount "58"]
[EventDate "2021.10.19"]
[EventType "swiss"]
[EventCountry "BAN"]
[SourceTitle "playchess.com"]
[Source "ChessBase"]
[SourceQuality "1"]

{[%evp 9,58,33,40,22,45,0,0,0,0,-20,8,12,11,0,23,28,36,26,34,18,50,7,36,37,44,47,72,60,61,44,46,31,37,26,39,29,37,0,0,0,29,0,6,-10,0,0,0,-929,0,0,1581]} 1. e4 e5 2. Nf3 Nc6 3. Bb5 Nf6 4. d3 d6 5. O-O Bd7 6. c4 {C66: Ruy Lopez: Steinitz Defence.} Ne7 {[#]} 7. Bg5 $146 ({Predecessor:} 7. Bxd7+ Nxd7 8. d4 g6 9. Nc3 Bg7 10. Be3 O-O 11. dxe5 dxe5 12. Qb3 Qc8 13. Rfd1 {½-½ (29) Perez Ponsa,F (2577)-Gemy Vargas,J (2407) Antofagasta 2016}) 7... c6 8. Ba4 Ng6 9. Nh4 h6 10. Nxg6 fxg6 11. Be3 g5 12. Nc3 Be7 13. d4 O-O 14. f3 Kh8 15. Rc1 g4 16. f4 exf4 17. Rxf4 Qc7 18. Bc2 {aiming for Qd3.} Be6 19. Qd3 {[#] Strongly threatening e5!} Bg8 $1 20. Rcf1 Bh7 21. Qd1 Rae8 22. d5 a6 23. dxc6 bxc6 24. Bd4 Qd7 25. b3 Qe6 26. Ne2 Nh5 27. Rxf8+ Rxf8 28. Rf3 $2 {[%mdl 8192] [#]} Rf7 $2 (28... gxf3 $19 29. Ng3 Nxg3 30. hxg3 c5 31. gxf3 cxd4) 29. Rxf7 $11 Bf8 $2 {[%mdl 8192] Weighted Error Value: White=0.41/Black=0.34} 1-0

[Event "Sheikh Russel GM 2021"]
[Site "Dhaka"]
[Date "2021.10.19"]
[Round "1.18"]
[White "Mehdi Hasan Parag"]
[Black "Mitrabha, Guha"]
[Result "0-1"]
[WhiteElo "2154"]
[BlackElo "2479"]
[Annotator "TA"]
[PlyCount "74"]
[EventDate "2021.10.19"]
[EventType "swiss"]
[EventCountry "BAN"]
[SourceTitle "playchess.com"]
[Source "ChessBase"]
[SourceQuality "1"]

{[%evp 14,74,0,0,0,0,0,-18,49,49,47,52,66,39,37,27,32,23,34,-3,17,-48,0,0,0,0,-17,-75,0,-36,0,-102,-75,-81,-50,-56,-50,-64,-64,-93,-83,-100,-97,-100,-91,-122,-115,-148,-132,-156,-158,-162,-135,-139,-127,-148,-123,-272,-265,-387,-368,-322,-377]} 1. e4 e6 2. d4 d5 3. e5 c5 4. c3 Nc6 5. Nf3 Qb6 6. Be2 cxd4 7. cxd4 Nh6 8. Bxh6 {[#] Bc1 is the strong threat. is recently more successful than 8.Nc3.} Qxb2 {C02: French: Advance Variation.} 9. Nbd2 {And now Be3 would win.} gxh6 10. O-O Qb6 (10... Nxd4 $11 11. Rb1 Nxe2+ 12. Qxe2 Qa3 13. Qb5+ Bd7 14. Qxb7 Rd8) 11. Nb3 $14 {[%mdl 1024] White has compensation.} Bd7 12. Rb1 {[#]} Qd8 $146 ({Predecessor:} 12... Qc7 13. Qd2 Bg7 14. h3 O-O 15. Nh2 f6 16. exf6 Rxf6 17. Ng4 Rff8 18. Nxh6+ Bxh6 19. Qxh6 {1-0 (36) Parkanyi,A (2432)-Gyori,S (2123) Nyiregyhaza 2001}) 13. Qd2 b6 14. Rbc1 Bg7 15. Bd3 Rc8 16. Rfe1 O-O 17. Bb1 ({White should play} 17. Ba6 $11) 17... Ne7 18. Qd3 {[%csl Gb1][%cal Rd3h7] [#]} Ng6 $1 19. h4 {Black must now prevent h5.} h5 20. Ng5 (20. Rxc8 $11 Qxc8 21. g3) 20... a5 (20... Bh6 $17) 21. g3 f5 22. f4 (22. Rxc8 $11 Qxc8 23. Rc1) 22... h6 {Strongly threatening ...Rxc1.} 23. Nf3 Kh8 24. Rxc8 Qxc8 25. Rc1 Qb7 26. Kf2 Rc8 27. Rxc8+ Qxc8 28. Qc2 Ne7 {[%cal Bg6e7,Be7c8,Bc8a7][%mdl 32]} 29. Qxc8+ Nxc8 30. Bd3 Bf8 31. Nfd2 Na7 32. Ke3 Kg7 33. Be2 Be8 34. Nb1 Bb4 35. Nc1 (35. N3d2 $17) 35... Be1 $19 36. Nd2 (36. Kf3 {was forced.} Nc6 37. Kg2) 36... Bxg3 37. Nf3 Nb5 {Weighted Error Value: White=0.30/Black=0.17} 0-1

[Event "Sheikh Russel GM 2021"]
[Site "Dhaka"]
[Date "2021.10.19"]
[Round "1.19"]
[White "Savchenko, Stanislav"]
[Black "Rahman, Syed Mahfuzur"]
[Result "1-0"]
[WhiteElo "2473"]
[BlackElo "2141"]
[Annotator "TA"]
[PlyCount "67"]
[EventDate "2021.10.19"]
[EventType "swiss"]
[EventCountry "BAN"]
[SourceTitle "playchess.com"]
[Source "ChessBase"]
[SourceQuality "1"]

{[%evp 17,67,12,26,16,15,16,10,23,22,19,46,43,50,5,77,81,75,85,89,88,97,81,98,82,83,75,70,64,67,40,181,130,233,214,214,236,1407,1408,1677,1316,1805,1779,29977,29978,29977,3579,29962,9826,29987,1584,1421,1420]} 1. Nf3 d5 2. d4 Nf6 3. c4 e6 4. Nc3 c6 5. Bg5 Be7 6. e3 Nbd7 7. Qc2 O-O 8. Rd1 h6 9. Bh4 a6 10. Bd3 {D61: Queen's Gambit Declined: Classical: 7 Qc2.} dxc4 11. Bxc4 b5 12. Be2 {The position is equal.} Bb7 13. O-O Rc8 14. Ne5 $1 Nxe5 {[#]} 15. Bxf6 $146 ({Predecessor:} 15. dxe5 Nd7 16. Bxe7 Qxe7 17. f4 c5 18. Rd6 c4 19. Ne4 f5 20. exf6 Nxf6 21. Nxf6+ Qxf6 {1-0 (55) Salem,A (2656)-Mamedyarov,S (2768) Doha 2016}) 15... Ng6 (15... Nd7 $1 $11 {remains equal.} 16. Bxe7 Qxe7) 16. Bxe7 $16 Qxe7 {[#]} 17. Ne4 $1 c5 18. Nxc5 Nh4 {[#]} 19. e4 $1 f5 {Hoping for ...Bxe4.} 20. Qb3 Bxe4 {...Bd5 is the strong threat.} 21. Nxe4 ({Don't play} 21. Nxe6 $6 Bc2 $11) ({Much worse is} 21. Qxe6+ $6 Qxe6 22. Nxe6 Bxg2 $15) 21... fxe4 22. Bg4 $36 {[%mdl 2048] Black is under pressure.} Rc4 23. Qe3 {aiming for b3.} e5 {A mistake that costs the game.} (23... Qf6 $14) 24. d5 (24. Qxe4 $18 {And now f4 would win.} Rf4 25. Qa8+ Kh7 26. Be2 Rcxd4 27. g3 (27. Qxa6 b4 $16)) 24... Qd6 (24... Nf5 $16 {was worth a try.} 25. Bxf5 Rxf5) 25. Be6+ $18 Kh8 26. b3 Rf3 $2 (26... Rc7 27. Qxe4 Rf4) 27. gxf3 Nxf3+ 28. Kh1 Rd4 29. Rc1 Qe7 30. Rc8+ Kh7 31. Bf5+ g6 32. Bxe4 Nxh2 33. Kxh2 (33. Rg1 $142 Rd1 34. Rxd1 Nf1 35. Qf3 Nd2 36. Rxd2 Kg7 37. Qg4 Qf7 38. Rdc2) 33... Qh4+ 34. Qh3 {Weighted Error Value: White=0.11/Black=0.92} 1-0

[Event "Sheikh Russel GM 2021"]
[Site "Dhaka"]
[Date "2021.10.19"]
[Round "1.20"]
[White "Manon, Reja Neer"]
[Black "Rios, Cristhian Camilo"]
[Result "0-1"]
[WhiteElo "2139"]
[BlackElo "2457"]
[Annotator "TA"]
[PlyCount "37"]
[EventDate "2021.10.19"]
[EventType "swiss"]
[EventCountry "BAN"]
[SourceTitle "playchess.com"]
[Source "ChessBase"]
[SourceQuality "1"]

{[%evp 10,37,25,12,23,-18,-12,-44,-47,-43,-32,-110,-102,-140,-141,-140,-148,-150,-142,-147,-120,-142,-141,-285,-260,-292,-287,-468,-458,-801]} 1. Nf3 d5 2. g3 g6 3. Bg2 Bg7 4. d4 c6 5. O-O Nf6 6. c4 dxc4 {D73: Fianchetto Grünfeld: 5 Nf3 .} 7. Ne5 Ng4 8. f4 Nxe5 {Black is slightly better.} 9. fxe5 {[#]} c5 $146 ({Predecessor:} 9... Qb6 10. e3 Na6 11. Na3 Be6 12. Qc2 Nb4 13. Qc3 Nd5 14. Qc2 Nb4 15. Qc3 Nd5 {0-1 (40) Koehler,M (2114)-Ries,B (2273) Germany 2018}) 10. e3 (10. dxc5 $15 O-O 11. e6) 10... Nc6 $17 11. Qa4 O-O 12. Bxc6 bxc6 {[%cal Bb7c6,Bc6c5][%mdl 32]} 13. Qxc4 cxd4 14. exd4 Qb6 {[#] aiming for ...Ba6.} 15. Rf2 Ba6 16. Qc3 (16. Qa4 $17) 16... Rad8 $19 17. Be3 c5 {[%cal Rc5d4]} 18. Rd2 (18. Qb3 {was called for.}) 18... Qc6 {[#] White must now prevent ...Bb7.} 19. Qc2 {Black took control after the opening.  Weighted Error Value: White=0.54/Black=0.04} (19. d5 $142 Rxd5 20. Rxd5 Qxd5 21. Qd2) 0-1

[Event "Sheikh Russel GM 2021"]
[Site "Dhaka"]
[Date "2021.10.19"]
[Round "1.21"]
[White "Vignesh N R"]
[Black "Jaiswal, Rupesh"]
[Result "1-0"]
[WhiteElo "2453"]
[BlackElo "2125"]
[Annotator "TA"]
[PlyCount "59"]
[EventDate "2021.10.19"]
[EventType "swiss"]
[EventCountry "BAN"]
[SourceTitle "playchess.com"]
[Source "ChessBase"]
[SourceQuality "1"]

{[%evp 16,59,45,40,39,41,62,56,42,39,55,55,83,82,82,82,133,140,149,156,161,162,151,142,195,182,338,316,357,302,481,475,535,531,486,448,481,412,503,503,566,566,744,728,713,697]} 1. d4 Nf6 2. c4 g6 3. g3 Bg7 4. Bg2 O-O 5. Nc3 d6 6. Nf3 a6 7. O-O Nc6 8. b3 {[%cal Bb2b3,Bb3b4][%mdl 32] 8.Bf4 is setting a new trend.} Rb8 9. d5 Na5 {E63: King's Indian: Fianchetto: Panno Variation with 7...a6.} 10. Bg5 b5 11. cxb5 axb5 {White is slightly better.} 12. b4 Nc4 13. Qb3 Nb6 14. Nd4 {White stays focused until the end.} Bd7 {[#]} 15. Ncxb5 $146 ({Predecessor:} 15. Rac1 Qe8 16. Rfd1 e6 17. dxe6 fxe6 18. Bh3 d5 19. e4 c6 20. Bf4 Ra8 21. Bd6 {½-½ (82) Melde,B (2108)-Boesel,A (1994) Dortmund 2018}) 15... Bxb5 (15... Nbxd5 $142 16. Bxd5 Bxb5) 16. Nxb5 $16 Nbxd5 17. Bxf6 ({Don't play} 17. Bxd5 $6 Rxb5 18. Bxf6 Bxf6 $14) 17... Nxf6 18. Na7 Qd7 19. Nc6 Rb6 (19... Rbe8 $16 20. a4 e5) 20. Rac1 Ng4 $2 (20... Bh6) 21. a4 $18 {[%cal Ba2a4,Ba4a5][%mdl 32]} Ne5 {[%cal Re5c6] [#]} 22. a5 $1 Nxc6 (22... Rxc6 $142 23. Bxc6 Nxc6) 23. Bxc6 ({Not} 23. axb6 Nd4 $18) 23... Qxc6 24. Rxc6 Rxc6 25. Qe3 Rc4 26. Rb1 e6 27. Qa7 {White is clearly winning.} Bd4 28. Qb7 c5 29. b5 Ra4 30. e3 {Weighted Error Value: White=0.05/Black=0.52} 1-0